Vanity fair
Vanity Fair: A Novel without a Hero is a novel by William Makepeace Thackeray, first published in 1847-48, satirizing society in early 19th-century England. Vanity fair refers to a stop along the pilgrim's progress: a never-ending fair held in a town called Vanity, which is meant to represent m...
Gorde:
| Egile nagusia: | |
|---|---|
| Formatua: | Liburua |
| Hizkuntza: | Undetermined |
| Argitaratua: |
Oxford
Oxford University Press
1995
|
| Gaiak: | |
| Etiketak: |
Etiketa erantsi
Etiketarik gabe, Izan zaitez lehena erregistro honi etiketa jartzen!
|
| Thư viện lưu trữ: | Trung tâm Học liệu Trường Đại học Cần Thơ |
|---|
| LEADER | 00944nam a2200229Ia 4500 | ||
|---|---|---|---|
| 001 | CTU_42464 | ||
| 008 | 210402s9999 xx 000 0 und d | ||
| 020 | |b 41.000đ | ||
| 020 | |c 41000 | ||
| 082 | |a 823.8 | ||
| 082 | |b T363 | ||
| 100 | |a Thackeray, William Makepeace | ||
| 245 | 0 | |a Vanity fair | |
| 245 | 0 | |c William Thackeray ; Retold by Kieran McGovern | |
| 260 | |a Oxford | ||
| 260 | |b Oxford University Press | ||
| 260 | |c 1995 | ||
| 520 | |a Vanity Fair: A Novel without a Hero is a novel by William Makepeace Thackeray, first published in 1847-48, satirizing society in early 19th-century England. Vanity fair refers to a stop along the pilgrim's progress: a never-ending fair held in a town called Vanity, which is meant to represent man's sinful attachment to worldly things | ||
| 650 | |a English language,English | ||
| 650 | |x Reading | ||
| 904 | |i Minh, Huỳnh Mai | ||
| 980 | |a Trung tâm Học liệu Trường Đại học Cần Thơ | ||